Little Willy : a story for little children.

Bibliographic Details
Format: Microform Book
Language:English
Published: Northampton [Mass.] : E. Turner, [1833?]
Subjects:

MARC

Tag First Indicator Second Indicator Subfields
LEADER 00000cam a2200000 a 4500
001 in00001353821
005 20151006071119.0
007 hd afu---baca
008 850801s1833 xx a ja 000 0 eng d
035 |a (OCoLC)12332241 
035 |9 AHH2428AM 
040 |a POF  |c POF  |d UtOrBLW 
049 |a TXAI 
090 |a PS586  |b A450 pt. 2, no. 1293 
099 |a film  |a B  |a 3870  |a  Segment II, no. 1293) 
245 0 0 |a Little Willy :  |b a story for little children. 
264 1 |a Northampton [Mass.] :  |b E. Turner,  |c [1833?] 
300 |a 16 pages :  |b illustrations ;  |c 13 cm. 
336 |a text  |b txt  |2 rdacontent 
337 |a microform  |b h  |2 rdamedia 
338 |a microfilm reel  |b hd  |2 rdacarrier 
510 4 |a Checklist Amer. imprints  |c 19771 
533 |a Microfilm.  |b New Haven, Conn. :  |c Research Publications,  |d 1975.  |e 1 microfilm reel ; 35 mm.  |f (American Poetry, 1609-1900 ; Segment II, no. 1293) 
539 |a s  |b 1975  |d ctu  |e n 
500 |a Microform. 
650 0 |a Children's poetry. 
999 |a MARS 
999 f f |s 0a4c36f3-7989-35df-8501-1e4f4992c876  |i 58938838-39c4-3706-8b30-c3c4f2f9a949  |t 0 
952 f f |p default  |a Texas A&M University  |b College Station  |c Sterling C. Evans Library  |d Evans: Microforms (3rd floor)  |t 0  |e film B 3870 Segment II, no. 1293  |h Other scheme  |i microform -- microfilm reel 
998 f f |a film B 3870 Segment II, no. 1293  |t 0  |l Evans: Microforms (3rd floor)